00272nam a2200097Ia 4500008004100000082001500041100001800056245004200074260004900116300000900165210430s9999 xx 000 0 und d a519 B945 N aBurden Faires aNumerical Analysis 5thcBurden Faires aKent publishing companybPrindle Weberc2010 a768p